Economic Geology : (Record no. 36665)

MARC details
000 -LEADER
fixed length control field 00493nam a22001697a 4500
005 - DATE AND TIME OF LATEST TRANSACTION
control field 20241008151321.0
008 - FIXED-LENGTH DATA ELEMENTS--GENERAL INFORMATION
fixed length control field 241008b |||||||| |||| 00| 0 eng d
020 ## - INTERNATIONAL STANDARD BOOK NUMBER
ISBN 978-81-265-6024-0
082 ## - DEWEY DECIMAL CLASSIFICATION NUMBER
Classification number 553
Item number POH-E
100 ## - MAIN ENTRY--AUTHOR
Author Name Pohl, Walter. L
245 ## - TITLE STATEMENT
Title Economic Geology :
Remainder of title Principles and Practice /
Statement of responsibility, etc. Walter, L. Pohl
260 ## - PUBLICATION, DISTRIBUTION, ETC.
Place of Publication India :
Name of publisher, distributor, etc. Wiley Blackwell ;
Date of publication, distribution, etc. 2016.
300 ## - PHYSICAL DESCRIPTION
Pages xii, 663 p. :
500 ## - GENERAL NOTE
General note Include Index.
650 ## - SUBJECT ADDED ENTRY--TOPICAL TERM
Subject / Department Geology/ Economics
300 ## - PHYSICAL DESCRIPTION
-- ill. ;
-- 25 cm.
952 ## - LOCATION AND ITEM INFORMATION (KOHA)
-- 0
-- 0
Holdings
Lost status Damaged status Collection code Permanent Location Current Location Shelving Location Date acquired Full Call Number Accession No./Barcode Date last seen item type Koha item type
    Engineering Superior Information Resource Center (SIRC) Superior University- Main Campus Superior Information Resource Center (SIRC) Superior University- Main Campus Geology 10/08/2024 553 POH-E 2016 29446 10/08/2024 BOOK BOOK

Powered by Koha